00303nam a2200109 a 4500008004100000050001500041100001600056245005600072260004200128300001400170350000900184120416s1970 ||||||||||||||||| || u aTA 168 Rau aRau, John G10aOptimization and probability in systems engineering aNew YorkbVan Nostrand Reinholdc1970 axi, 403p. a0.00